LEADER 01609nam a2200217 i 4500 001 000000221846 003 CaOOAMICUS 005 20210331135654.0 008 130814s1847 xx u000 u fre u 013 $a200743 040 $aSeMil$bita 245 00$aDictionnaire alphabetico-méthodique des cérémonies et des rites secrés :$bcontenant textuellement, avec une traduction française littérale, sommaire ou amplifiée, les rubriques générales du breviaire ... : le tout d'après la liturgie romaine, avec la variétés de la plupart des autres liturgies : ouvrage nécessaire puor l'étude et la pratique du culte divin. 1 /$crédigée par l'abbé Boissonnet. 300 $a1376 col. 700 1 $aBoissonnet, Victor Daniel.$0(OLS)http://semarc/name/21860 773 0 $aMigne, Jacques-Paul <1800-1875>$tEncyclopédie théologique, ou Série de dictionnaires sur toutes les parties de la science religieuse ..$dPetit-Montrouge : S'imprime et se vende chez J.-P. Migne, 1851.$g15$w()11876 850 $aSeMil 852 $aSeMil$W1$xVenegono$y1$m2S V 15 FA$j172195$B172195$CSeMilBibl$Z2$F182751 $8I 941 1 $a10 961 $aRecupero: Mantegazza 996 $6245$aDictionnaire alphabetico-méthodique des cérémonies et des rites secrés :$bcontenant textuellement, avec une traduction française littérale, sommaire ou amplifiée, les rubriques générales du breviaire ... : le tout d'après la liturgie romaine, avec la variétés de la plupart des autres liturgies : ouvrage nécessaire puor l'étude et la pratique du culte divin. 1$9(OLS)http://semarc/title/318043 LEADER 01080nam a2200241 i 4500 001 000000049387 003 CaOOAMICUS 005 20100408000000.0 008 100408s1993 it u000 u ita u 013 $a20557 040 $aSeMil$bita 100 1 $aSvidercoschi, Gian Franco <1936->.$0(OLS)http://semarc/name/18351 245 10$aLettera a un amico ebreo /$cGian Franco Svidercoschi. 260 $aBologna :$bCLUEB,$cc1993. 300 $a104 p. ;$c21 cm. 500 $aComplemento al tit. in cop. : La storia semplice e straordinaria dell'amico ebreo di Karol Wojtyla. - Fondo Conti. 600 04$aGiovanni Paolo II .$0(OLS)http://semarc/subject/5525 650 4$aGiovanni Paolo II [e] Jerzy Kluger.$0(OLS)http://semarc/subject/10262 850 $aSeMil 852 $aSeMil$W1$xVenegono$y1$m2X III 329$j15542$B15542$CSeMilBibl$Z2$F15542 $81 961 $aOmaggio: Conti Franco 996 $6245$aLettera a un amico ebreo$9(OLS)http://semarc/title/75072 996 $6260$aBologna :$bCLUEB$9(OLS)http://semarc/publisher/32494